[Event "WWRR IM 2019"]
[Site "Wachtebeke"]
[Date "2019.03.06"]
[Round "8.4"]
[White "Vuelban, Virgilio"]
[Black "Beukema, Jasper"]
[Result "1-0"]
[WhiteElo "2272"]
[BlackElo "2282"]
[Annotator "TA"]
[PlyCount "89"]
[EventDate "2019.03.02"]
[EventCountry "BEL"]
[SourceTitle "playchess.com"]
[Source "ChessBase"]
[SourceQuality "1"]

{[%evp 18,89,43,36,41,37,50,29,35,29,60,27,37,37,40,48,61,50,41,37,59,43,142,141,145,131,82,-20,149,113,152,139,175,183,183,175,148,73,227,216,346,340,375,366,310,316,368,334,362,207,180,212,211,170,576,514,501,486,475,418,495,384,518,301,1013,945,985,925,1060,1054,29984,29985,29998,29999]} 1. d4 Nf6 2. c4 e6 3. Nc3 Bb4 4. e3 c5 5. Nf3 O-O 6. Bd3 d6 7. O-O Bxc3 8. bxc3 Nbd7 9. e4 e5 10. d5 Re8 {E50: Nimzo-Indian: Rubinstein: 4...0-0 5 Nf3} 11. Rb1 $146 ({Predecessor:} 11. h3 h6 12. Be3 Nf8 13. a4 a5 14. Qb3 Rb8 15. Rfb1 b6 16. Rb2 Ba6 17. Qd1 Ng6 18. Nd2 {1-0 (83) Mansoor,S (2008)-Odermatt,K (1897) Zuerich 2015}) 11... Nf8 12. Re1 Ng6 {White has an edge.} 13. h3 Nh5 14. Kh2 Nhf4 15. Bf1 Qd7 16. Ng1 {Black must now prevent g3.} Nf8 17. g3 N4g6 18. Bd3 h6 19. Rb2 Qc7 (19... Qd8 $14) 20. f4 $1 $16 exf4 21. gxf4 Qe7 22. Qf3 (22. Nf3 $16) 22... Qf6 $2 (22... f5 $1 $11) 23. Rbe2 Bd7 24. Qg3 $1 h5 {[#]} 25. Bd2 $1 h4 26. Qf3 Rab8 {[#]} 27. Rf1 ({Better is} 27. Rf2 $1) 27... a6 $2 (27... b5 $16 {was called for.}) 28. Qg2 $18 Qd8 (28... b5 $142 29. e5 dxe5) 29. Nf3 f5 30. e5 dxe5 31. fxe5 b5 32. Rg1 bxc4 33. Bxc4 (33. Bg5 $142 cxd3 34. Bxd8 dxe2 35. Bxh4 (35. Qxe2 Rbxd8 36. a3 Nf4 $15) (35. Nxh4 Rxe5 36. Nxg6 e1=Q $15)) 33... Bb5 34. Bxb5 axb5 35. d6 {Ng5 is the strong threat.} Ra8 $2 (35... Qd7 {is a better chance.} 36. Qf2 Rb6) 36. Bg5 Qd7 37. Nxh4 Nxh4 38. Bxh4 Ne6 39. Qd5 Ra4 40. Be7 Kf7 $2 (40... Rxe7 41. dxe7 Qxd5 42. e8=Q+ {[%mdl 64] Double Attack} Kh7 43. Qg6+ (43. Qxb5 Rxa2 44. Rxa2 Qxa2+ 45. Rg2 Qd5 $11) 43... Kg8 44. Qe8+ Kh7 45. Qg6+ (45. Qxb5 Rxa2 46. Rxa2 Qxa2+ 47. Rg2 Qd5 $11) 45... Kg8 46. Qxf5 Rxa2 47. Rxa2 Qxa2+ 48. Rg2 Qd5) 41. Reg2 {[%csl Gg1][%cal Rg2g7]} Rg8 42. Rg6 c4 43. R1g2 Ra3 44. Qf3 f4 45. Qh5 {Accuracy: White = 74%, Black = 35%.} 1-0

[Event "WWRR IM 2019"]
[Site "Wachtebeke"]
[Date "2019.03.06"]
[Round "8.5"]
[White "Blom, Vincent"]
[Black "De Rover, Yong Hoon"]
[Result "1-0"]
[WhiteElo "2265"]
[BlackElo "2422"]
[Annotator "TA"]
[PlyCount "89"]
[EventDate "2019.03.02"]
[EventCountry "BEL"]
[SourceTitle "playchess.com"]
[Source "ChessBase"]
[SourceQuality "1"]

{[%evp 9,89,10,0,2,16,6,19,10,12,-21,0,-17,44,45,37,49,60,-19,-22,-10,-11,-20,0,0,0,0,0,0,0,-6,0,-6,-8,-23,-16,-15,-17,-25,37,39,27,56,56,32,25,19,16,29,37,19,28,29,27,27,32,33,36,18,16,0,98,98,98,98,118,118,371,364,583,570,1493,804,3263,2530,6114,6118,5624,5623,4802,2213,1974,1593]} 1. d4 Nf6 2. Bg5 Ne4 3. Bf4 c5 4. dxc5 Nxc5 5. Nc3 Nc6 6. Nf3 {A45: Trompowsky Attack} Ne6 7. Bd2 $146 ({Predecessor:} 7. Be3 h6 8. g3 g5 9. h4 g4 10. Nd4 d5 11. Nxe6 fxe6 12. Bg2 {1-0 (31) Lorenz,G (2325)-Lanka,Z (2525) Chemnitz 1998}) 7... d5 8. e4 {The position is equal.} d4 9. Ne2 g6 10. c3 {cxd4 is the strong threat.} Nc5 (10... Bg7 $11) 11. Nexd4 $14 Nxd4 12. Nxd4 Nxe4 13. Ne6 ({White should play} 13. Bb5+ $14 Bd7 14. Bf4) 13... Bxe6 $11 14. Qa4+ {[%mdl 64] [#] Double Attack} Bd7 $1 {[%cal Rd7a4]} ({Wrong is} 14... Qd7 $2 15. Bb5 $18) 15. Qxe4 Bc6 16. Qe5 f6 17. Qe6 Qd7 18. Qxd7+ Kxd7 19. O-O-O Kc7 20. f4 Bh6 21. Rg1 Rad8 22. g3 e5 23. Bg2 Rxd2 (23... e4 $11) 24. Kxd2 $14 {aiming for Bxc6.} exf4 {White must now prevent ...f3+.} 25. Bxc6 fxg3+ 26. Kc2 gxh2 27. Rg2 Kxc6 28. Rxh2 $11 {[%mdl 4096] Endgame KRR-KRB} Bf4 $1 {[%cal Rf4h2]} 29. Rh4 $1 {[%cal Rh4f4]} g5 30. Rh6 Be5 31. Rdh1 g4 32. Rxh7 Rd8 33. Rg7 g3 $1 34. Re1 Bf4 (34... a5 $11) 35. Re6+ $16 Rd6 36. Rxd6+ Kxd6 {KR-KB} 37. Kd3 Ke5 $2 {[%mdl 8192] [#]} ({Not} 37... Bg5 $2 38. Ke2 $18) (37... a5 $16 {was necessary.} 38. Ke4 Be5) 38. Ke2 $1 $18 Ke4 $2 (38... g2 39. Rxg2 Kd5) 39. Rxb7 {White is clearly winning.} a5 40. a4 Be5 41. Ra7 f5 42. Rxa5 Bc7 43. Ra8 Bb6 44. Re8+ Kf4 45. Rg8 {Accuracy: White = 61%, Black = 31%.} 1-0

[Event "WWRR IM 2019"]
[Site "Wachtebeke"]
[Date "2019.03.07"]
[Round "9.1"]
[White "De Rover, Yong Hoon"]
[Black "Maerevoet, Sim"]
[Result "1/2-1/2"]
[WhiteElo "2422"]
[BlackElo "2251"]
[Annotator "TA"]
[PlyCount "80"]
[EventDate "2019.03.02"]
[EventCountry "BEL"]
[SourceTitle "playchess.com"]
[Source "ChessBase"]
[SourceQuality "1"]

{[%evp 20,80,25,27,49,0,50,38,32,-37,-29,-36,24,25,20,39,67,64,84,76,91,74,74,79,75,67,60,40,38,4,29,0,50,50,40,0,12,0,0,0,14,0,0,0,0,0,0,0,0,0,0,0,0,0,0,0,0,0,0,0,0,0,0]} 1. e4 c5 2. Nf3 d6 3. d4 cxd4 4. Nxd4 Nf6 5. Nc3 a6 6. Bg5 Nbd7 7. Qe2 {B94: Sicilian Najdorf: 6 Bg5 Nbd7} (7. f4 Qc7 8. Be2 e6 9. O-O h6 10. Bh4 b5 11. f5 exf5 12. Nxf5 Bb7 13. Kh1 b4 14. Nd5 Nxd5 15. exd5 Qc5 16. c4 g6 17. Re1 g5 18. Bg3 O-O-O 19. a3 a5 20. axb4 axb4 21. Bh5 f6 22. Nd4 {1-0 (22) Azarov,S (2565)-Navara,D (2740) Czech Republic 2019}) 7... e6 8. O-O-O Be7 9. f4 Qc7 10. g4 b5 11. a3 {LiveBook: 81 Games} Bb7 12. Rg1 (12. Kb1 {keeps more tension.} h6 13. Bh4 Nb6 14. Bg2 O-O 15. g5) 12... Nb6 (12... h6 {is more complex.} 13. Bh4 g5 14. fxg5 Nh7 15. Bg3 hxg5 16. Nf3 Ne5) 13. Bxf6 (13. Bh4 {feels hotter.} h6 14. Rg3 Nxe4 15. Nxe4 Bxh4 16. Nxe6 fxe6 17. Nxd6+ Kf8 18. Rc3) 13... Bxf6 $146 ({Predecessor:} 13... gxf6 14. f5 e5 15. Nb3 Rc8 16. Rg3 Rg8 17. Kb1 Nc4 {1-0 (52) Micheli,C-Tatai,S Madonna di Campiglio 1974}) 14. Ndxb5 (14. g5 $14 Bxd4 15. Rxd4) 14... axb5 $15 15. Nxb5 Bxb2+ ({Black should try} 15... Qc5 $15 16. Rg3 O-O) 16. Kxb2 $11 Qc5 17. Rg3 Ba6 18. Qe3 ({Not} 18. Nxd6+ $2 Ke7 $17) ({Inferior is} 18. Rxd6 O-O $17) 18... Bxb5 19. Qxc5 Na4+ 20. Ka2 Nxc5 21. Bxb5+ Ke7 22. e5 d5 23. c4 Ra5 24. Rd4 Rc8 25. g5 Kf8 26. Rh3 Kg8 27. Rc3 g6 {The position is equal.} 28. Rc1 Rca8 29. Rc3 $1 {And now Bc6 would win.} Rc8 30. Re3 Kg7 31. h4 h5 32. Rf3 Rc7 33. Rc3 Rc8 34. Re3 Rc7 35. Rg3 Rc8 36. Rh3 Rc7 37. Rd1 Ne4 38. Rd4 Nc5 $1 39. Rh1 Rca7 40. Rh3 Rc7 {Precision: White = 50%, Black = 48%.} 1/2-1/2

[Event "WWRR IM 2019"]
[Site "Wachtebeke"]
[Date "2019.03.07"]
[Round "9.2"]
[White "Beukema, Jasper"]
[Black "Blom, Vincent"]
[Result "0-1"]
[WhiteElo "2282"]
[BlackElo "2265"]
[Annotator "ChessBase"]
[PlyCount "68"]
[EventDate "2019.03.02"]
[EventCountry "BEL"]
[SourceTitle "playchess.com"]
[Source "ChessBase"]
[SourceQuality "1"]
[TimeControl "40/5400+30:900+30"]

1. e4 {[%emt 0:05:53]} c6 {[%emt 0:01:06]} 2. d4 {[%emt 0:00:35]} d5 {[%emt 0:00:06]} 3. exd5 {[%emt 0:00:07]} cxd5 {[%emt 0:00:07]} 4. Bf4 {[%emt 0:00:04]} Nf6 {[%emt 0:04:56]} 5. c3 {[%emt 0:00:53]} Nc6 {[%emt 0:04:24]} 6. Bd3 {[%emt 0:00:15]} Bg4 {[%emt 0:04:21]} 7. Qb3 {[%emt 0:00:07]} Qd7 {[%emt 0:01:24]} 8. Nd2 {[%emt 0:00:08]} e6 {[%emt 0:06:53]} 9. Ngf3 {[%emt 0:00:11]} Bxf3 {[%emt 0:06:41]} 10. Nxf3 {[%emt 0:00:19]} Bd6 {[%emt 0:04:25]} 11. Bxd6 {[%emt 0:01:08]} Qxd6 {[%emt 0:00:15]} 12. Qxb7 {[%emt 0:00:12]} Rb8 {[%emt 0:01:19]} 13. Qa6 {[%emt 0:00:10]} O-O {[%emt 0:03:29]} 14. Rb1 {[%emt 0:11:46]} Rb6 {[%emt 0:05:58]} 15. Qa4 {[%emt 0:00:49]} Rfb8 {[%emt 0:09:12]} 16. Qc2 {[%emt 0:00:18]} e5 {[%emt 0:00:12]} 17. dxe5 {[%emt 0:01:36]} Nxe5 {[%emt 0:02:55]} 18. Nxe5 {[%emt 0:01:33]} Qxe5+ {[%emt 0:00:07]} 19. Kf1 {[%emt 0:00:04]} Ne4 {[%emt 0:18:31]} 20. f3 {[%emt 0:13:55]} Qf4 {[%emt 0:02:07]} 21. Bxe4 {[%emt 0:06:57]} dxe4 {[%emt 0:00:11]} 22. Kf2 {[%emt 0:00:15]} e3+ {[%emt 0:09:49]} 23. Ke2 {[%emt 0:05:07]} Qc4+ {[%emt 0:01:20]} 24. Kxe3 {[%emt 0:04:24]} Re6+ {[%emt 0:02:33]} 25. Kf2 {[%emt 0:00:12]} Rbe8 {[%emt 0:00:08]} 26. Qf5 {[%emt 0:02:10]} Qe2+ {[%emt 0:02:11]} 27. Kg1 {[%emt 0:00:11]} Qe3+ {[%emt 0:01:29]} 28. Kf1 {[%emt 0:00:10]} Qe2+ {[%emt 0:00:05]} 29. Kg1 {[%emt 0:00:05]} Rg6 {[%emt 0:00:36]} 30. Qh3 {[%emt 0:02:05]} Qe3+ {[%emt 0:00:13]} 31. Kf1 {[%emt 0:00:08]} Qd3+ {[%emt 0:00:05]} 32. Kf2 {[%emt 0:00:05]} Re2+ {[%emt 0:00:30]} 33. Kf1 {[%emt 0:00:05]} Rxb2+ {[%emt 0:00:08]} 34. Kg1 {[%emt 0:00:05]} Qxb1# {[%emt 0:00:04]} 0-1

[Event "WWRR IM 2019"]
[Site "Wachtebeke"]
[Date "2019.03.07"]
[Round "9.3"]
[White "Hautot, Stephane"]
[Black "Vuelban, Virgilio"]
[Result "1/2-1/2"]
[WhiteElo "2347"]
[BlackElo "2272"]
[Annotator "NA"]
[PlyCount "22"]
[EventDate "2019.03.02"]
[EventCountry "BEL"]
[SourceTitle "playchess.com"]
[Source "ChessBase"]
[SourceQuality "1"]
[TimeControl "40/5400+30:900+30"]

1. d4 {[%emt 0:17:04]} d5 {[%emt 0:00:00]} 2. Nf3 {[%emt 0:00:10]} Nf6 {[%emt 0:00:05]} 3. g3 {[%emt 0:00:06]} e6 {[%emt 0:00:42]} 4. Bg2 {[%emt 0:00:11]} Be7 {[%emt 0:00:08]} 5. O-O {[%emt 0:00:08]} O-O {[%emt 0:00:16]} 6. c4 {[%emt 0:00:10]} dxc4 {[%emt 0:00:25]} 7. Ne5 {[%emt 0:00:52]} c5 {[%emt 0:01:36]} 8. dxc5 {[%emt 0:00:30]} Bxc5 {[%emt 0:00:40]} 9. Qxd8 {[%emt 0:02:00]} Rxd8 {[%emt 0:00:07]} 10. Nc3 {[%emt 0:00:36]} Nc6 {[%emt 0:02:21]} 11. Nxc4 {[%emt 0:02:12]} Bd7 {[%emt 1:29:10]} 1/2-1/2

[Event "WWRR IM 2019"]
[Site "Wachtebeke"]
[Date "2019.03.07"]
[Round "9.4"]
[White "Dardha, Daniel"]
[Black "Huynh, Laurent"]
[Result "1-0"]
[WhiteElo "2369"]
[BlackElo "2138"]
[Annotator "NA"]
[PlyCount "71"]
[EventDate "2019.03.02"]
[EventCountry "BEL"]
[SourceTitle "playchess.com"]
[Source "ChessBase"]
[SourceQuality "1"]
[TimeControl "40/5400+30:900+30"]

1. d4 {[%emt 0:00:00]} Nf6 {[%emt 0:03:47]} 2. c4 {[%emt 0:00:00]} e6 {[%emt 0:00:04]} 3. g3 {[%emt 0:00:00]} d5 {[%emt 0:01:03]} 4. Nf3 {[%emt 0:00:00]} Bb4+ {[%emt 0:01:41]} 5. Nc3 {[%emt 0:00:00]} O-O {[%emt 0:00:19]} 6. Bg2 {[%emt 0:00:03]} Nbd7 {[%emt 0:00:19]} 7. O-O {[%emt 0:00:09] E20: Nimzo-Indian: 4 g3 and 4 f3} (7. Qb3 c5 8. O-O cxd4 9. Qxb4 a5 10. Qa3 dxc3 11. Qxc3 b6 12. cxd5 Nxd5 13. Qd2 Nc5 14. b3 Ba6 {½-½ (78) Fridman,D (2633)-Yu,Y (2764) St Petersburg 2018}) 7... c6 {[%emt 0:00:38]} 8. Qc2 {[%emt 0:04:03]} b6 {[%emt 0:10:11]} 9. a3 {[%emt 0:00:39]} Bxc3 {[%emt 0:01:19]} 10. Qxc3 {[%emt 0:00:06]} Ne4 {[%emt 0:01:20]} 11. Qc2 {[%emt 0:00:18]} Ba6 {[%emt 0:00:19]} 12. b3 {[%emt 0:00:37]} Rc8 {[%emt 0:04:25]} 13. Ne5 $146 {[%emt 0:18:26]} ({Predecessor:} 13. Rd1) 13... Nxe5 {[%emt 0:07:26]} 14. dxe5 {[%emt 0:00:06]} Nc5 {[%emt 0:00:54]} 15. Rd1 {[%emt 0:09:29]} f5 {[%emt 0:06:56]} 16. exf6 {[%emt 0:02:20]} Qxf6 {[%emt 0:01:14]} 17. Be3 {[%emt 0:00:23]} Nxb3 {[%emt 0:10:17]} 18. Qxb3 {[%emt 0:00:23]} Bxc4 {[%emt 0:00:06]} 19. Qc2 {[%emt 0:01:14]} c5 {[%emt 0:00:49]} 20. f4 {[%emt 0:03:48]} b5 {[%emt 0:02:22]} 21. Bf2 {[%emt 0:01:25]} Rfd8 {[%emt 0:03:04]} 22. Rab1 {[%emt 0:05:55]} Rd7 {[%emt 0:17:51]} 23. Qb2 {[%emt 0:13:55]} a5 {[%emt 0:02:49]} 24. Qxf6 {[%emt 0:05:04]} gxf6 {[%emt 0:00:07]} 25. Rbc1 {[%emt 0:00:30]} a4 {[%emt 0:12:17]} 26. f5 {[%emt 0:11:28]} d4 {[%emt 0:01:10]} 27. fxe6 {[%emt 0:01:52]} Bxe6 {[%emt 0:00:30]} 28. Bf1 {[%emt 0:04:14]} Re7 {[%emt 0:02:25]} (28... Rcc7 {was necessary.}) 29. e3 {[%emt 0:01:59]} Bb3 {[%emt 0:01:35]} (29... dxe3 $142 30. Bxe3 Bb3) 30. Re1 {[%emt 0:00:21]} d3 {[%emt 0:02:15]} 31. Bxd3 {[%emt 0:00:15]} c4 {[%emt 0:00:19]} 32. Bf1 {[%emt 0:04:24]} Rd8 {[%emt 0:01:18]} 33. Re2 {[%emt 0:02:38]} Rd3 {[%emt 0:03:23]} 34. Be1 {[%emt 0:00:40]} Kf7 {[%emt 0:00:49]} 35. Bc3 $18 {[%emt 0:01:27]} Re6 {[%emt 0:01:21]} 36. Bd4 {[%emt 0:01:58]} 1-0

[Event "WWRR IM 2019"]
[Site "Wachtebeke"]
[Date "2019.03.07"]
[Round "9.5"]
[White "Van der Lende, Ilias"]
[Black "De Ruiter, Danny"]
[Result "1-0"]
[WhiteElo "2343"]
[BlackElo "2328"]
[Annotator "NA"]
[PlyCount "95"]
[EventDate "2019.03.02"]
[EventCountry "BEL"]
[SourceTitle "playchess.com"]
[Source "ChessBase"]
[SourceQuality "1"]
[TimeControl "40/5400+30:900+30"]

1. e4 {[%emt 0:07:36]} c5 {[%emt 0:07:36]} 2. Nf3 {[%emt 0:00:19]} e6 {[%emt 0:00:07]} 3. c3 {[%emt 0:00:06]} d5 {[%emt 0:00:05]} 4. exd5 {[%emt 0:00:06]} exd5 {[%emt 0:00:05]} 5. Bb5+ {[%emt 0:00:13]} Nc6 {[%emt 0:00:07]} 6. O-O {[%emt 0:00:15]} Bd6 {[%emt 0:00:05]} 7. d4 {[%emt 0:00:41]} Nge7 {[%emt 0:00:07]} 8. dxc5 {[%emt 0:01:03]} Bxc5 {[%emt 0:00:07]} 9. Nbd2 {[%emt 0:00:08]} O-O {[%emt 0:00:12]} 10. Nb3 {[%emt 0:00:13]} Bb6 {[%emt 0:01:22]} 11. h3 {[%emt 0:05:53]} Qd6 {[%emt 0:04:00] C09: French Tarrasch: 3...c5 4 exd5 exd5 5 Ngf3 Nc6} 12. Re1 {[%emt 0:04:59]} Ng6 {[%emt 0:07:25]} 13. Be3 {[%emt 0:12:55] [#]} Nf4 $146 {[%emt 0:22:54]} ({Predecessor:} 13... Bf5 14. Bxb6 axb6 15. Bd3 Bxd3 16. Qxd3 f6 17. Nbd4 Nge5 18. Qb5 Nxf3+ 19. Nxf3 {0-1 (88) Cornejo Perales,M (2185)-Gajewski,G (2581) ICC INT 2009}) 14. Bxb6 {[%emt 0:08:35]} ({White should play} 14. Bxf4 $16 Qxf4 15. Qxd5) 14... Qg6 {[%emt 0:00:26]} 15. Bf1 {[%emt 0:19:00]} axb6 {[%emt 0:12:16]} 16. Kh1 {[%emt 0:00:10]} Bd7 {[%emt 0:00:50]} 17. Ne5 {[%emt 0:05:32]} Nxe5 {[%emt 0:00:52]} 18. Rxe5 {[%emt 0:00:06]} Ba4 {[%emt 0:00:06]} 19. Re1 {[%emt 0:05:36]} Rfd8 {[%emt 0:04:54]} 20. Qd2 {[%emt 0:03:44]} Qf6 {[%emt 0:12:52]} 21. Nd4 {[%emt 0:00:37]} Bd7 {[%emt 0:00:41]} 22. a3 {[%emt 0:00:57]} g5 {[%emt 0:02:12]} 23. Qe3 {[%emt 0:03:20]} Re8 {[%emt 0:01:42]} 24. Qg3 {[%emt 0:00:19]} Kh8 {[%emt 0:01:58]} 25. Kg1 {[%emt 0:04:20]} h5 {[%emt 0:03:19]} 26. Re3 {[%emt 0:08:26]} Rg8 {[%emt 0:05:35]} 27. Ne2 {[%emt 0:01:28]} Rg6 {[%emt 0:01:34]} 28. Rf3 {[%emt 0:02:02]} h4 {[%emt 0:02:45]} 29. Qh2 {[%emt 0:00:04]} Nxh3+ {[%emt 0:00:28]} 30. Qxh3 {[%emt 0:01:13]} ({But not} 30. Rxh3 Bxh3 31. Qxh3 (31. gxh3 g4 $14) 31... Qe6) 30... Bxh3 {[%emt 0:00:33]} 31. Rxf6 {[%emt 0:00:04]} Rxf6 {[%emt 0:00:06]} 32. gxh3 {[%emt 0:00:03]} Rg8 {[%emt 0:00:22]} 33. f4 {[%emt 0:02:44]} Kg7 {[%emt 0:04:49]} 34. Rd1 {[%emt 0:00:34]} Rf5 {[%emt 0:00:27]} 35. Kf2 {[%emt 0:00:50]} Kf6 {[%emt 0:00:26]} 36. Rd4 {[%emt 0:01:33]} gxf4 {[%emt 0:00:26]} 37. Rb4 {[%emt 0:01:09]} Re8 {[%emt 0:01:43]} 38. Rxb6+ {[%emt 0:00:40]} Kg5 {[%emt 0:00:01]} 39. Nd4 {[%emt 0:00:20]} Rf6 {[%emt 0:01:34]} 40. Nf3+ {[%emt 0:00:17]} Kg6 {[%emt 0:00:34]} 41. Nxh4+ {[%emt 0:16:06]} Kg7 {[%emt 0:15:56]} 42. Rxb7 {[%emt 0:00:08]} d4 {[%emt 0:00:00]} 43. cxd4 {[%emt 0:00:00]} Rc8 {[%emt 0:00:00]} 44. Bd3 {[%emt 0:00:00]} Rh8 {[%emt 0:00:00]} 45. Nf5+ {[%emt 0:00:00]} Kg6 {[%emt 0:00:00]} 46. Ne7+ {[%emt 0:00:00]} Kg7 $18 {[%emt 0:00:00]} 47. Nd5 {[%emt 0:00:00]} Rd6 {[%emt 0:00:00]} 48. Nxf4 {[%emt 0:00:00]} 1-0